000 00630nam a2200181 i 4500
001 47312
003 ES-MaACL
005 20260411164324.0
007 t|
008 030407s1959 sp ||||1| spa d
100 0 _aCopleston, Frederick C.
_940414
245 1 0 _aFilosofía contemporánea
_b: estudio sobre el positivismo lógico y el existencialismo /
_cFrederick Copleston ; [traducción directa por Eduardo Valentí Fiol].
260 _aBarcelona :
_bHerder,
_c1959 (
_fCometa, Imp.)
300 _a348 p. ;
_c20 cm.
700 1 _aValentí Fiol, Eduardo.
_9112600
852 _aES-MaACL
_jC-16218
_bR.44382
999 _c47312
_d47312